000 00509nam a2200217Ia 4500
003 GCL
008 140319s9999 xx 000 0 eng d
040 _aGCL /
_cGCL
082 0 4 _a760.9
_bA E
100 1 _aADHEMAR, JEAN
245 1 0 _aLES ESTAMPES /
_cADHEMAR, JEAN
260 _a[S.N] :
_bGRUND ،
_c1973
300 _a181 PP
650 0 4 _aLITERATURE
650 0 4 _aART
650 0 4 _aLITHOGRAPHY
650 0 4 _aGRAPHIC - HISTORY
650 0 4 _aTYPOGRAPHY
650 0 4 _aPRINTMAKING
942 _2ddc
_cBK
999 _c18184
_d18184